000 00594nam a2200205 4500
001 108428
003 ES-MaACL
005 20230906184636.0
007 t|
008 061121s1969 ag r ||||1| spa d
100 1 _aMondolfo, Rodolfo.
_982147
245 1 0 _aProblemas y métodos de investigación en la historia de la filosofía /
_cRodolfo Mondolfo.
250 _a4ª. ed.
260 _aBuenos Aires :
_bEudeba,
_c1969.
300 _a262 p. ;
_c23 cm.
490 1 _aTemas de Eudeba
830 0 _aTemas de Eudeba
_9185561
852 _aES-MaACL
_jA-5913
_bR.94679
999 _c108428
_d108428